000
00295nam a2200121Ia 4500
008
190216s9999||||xx |||||||||||||| ||und||
100
_a
West B Douglas
245
0
_a
Introduction To Graph Theory 2nd Een
260
_b
Phi Learning
_c
2001
300
_a
588
650
_a
Graph Theory
942
_c
BK
999
_c
32433
_d
32433